Bunker 13 (Record no. 3075)

MARC details
000 -LEADER
fixed length control field 00595 a2200181 4500
020 ## - INTERNATIONAL STANDARD BOOK NUMBER
Terms of availability 385.00
035 ## - SYSTEM CONTROL NUMBER
System control number B-77929
037 ## - SOURCE OF ACQUISITION
Source of stock number/acquisition RP-L-7 / NCP-03-04:SPL CH / RP-03-04:ENG
082 14 - DEWEY DECIMAL CLASSIFICATION NUMBER
Classification number N
090 ## - LOCALLY ASSIGNED LC-TYPE CALL NUMBER (OCLC); LOCAL CALL NUMBER (OCLC)
-- 3136
-- 3136
100 1# - MAIN ENTRY--PERSONAL NAME
Personal name Bahal, Aniruddha
245 1# - TITLE STATEMENT
Title Bunker 13
Statement of responsibility, etc by Aniruddha Bahal
260 ## - PUBLICATION, DISTRIBUTION, ETC. (IMPRINT)
Place of publication, distribution, etc London
Name of publisher, distributor, etc Faber and Faber
Date of publication, distribution, etc 2003
300 ## - PHYSICAL DESCRIPTION
Extent ix, 356 p
Dimensions 22.5 cm (HB)
942 ## - ADDED ENTRY ELEMENTS (KOHA)
Institution code [OBSOLETE] dpl
Koha item type English Books
Call number prefix N / BAH
Holdings
Withdrawn status Lost status Source of classification or shelving scheme Damaged status Not for loan Collection code Home library Current library Cost, normal purchase price Total Checkouts Full call number Barcode Date last seen Copy number Uniform Resource Identifier Cost, replacement price Price effective from Koha item type
    Dewey Decimal Classification     Fiction Central Library Central Library 385.00   N BAH B-77929 15/09/2008 1 3270 385.00 15/09/2008 English Books
    Dewey Decimal Classification     Fiction Peshwa Road Peshwa Road 385.00   N BAH B-79306 15/09/2008   3274 385.00 15/09/2008 English Books

© Delhi Public Library
Hit Counter
free hit counter